| 000 | 00762cab a2200265 4500 | ||
|---|---|---|---|
| 001 | ABS47593 | ||
| 008 | 090401t1993 xxu||||| |||| 00| 0 eng d | ||
| 035 | _a(Sirsi) u62577 | ||
| 041 | _aeng | ||
| 100 | _aWood, G.S. | ||
| 245 | _aGround issues for surveyors | ||
| 260 | _c1993 | ||
| 350 | _a0 | ||
| 490 |
_aCS Monthly _bthe Building Surveyor _v2(4) January 1993, 8-9(2) |
||
| 520 | _aSuggests that buildings surveys should always extend to the ground upon which the building stands. | ||
| 650 | _aBUILDING SURVEYS | ||
| 650 | _aCONTAMINATED LAND | ||
| 650 | _aGROUND CONDITIONS | ||
| 650 | _aMINING | ||
| 650 | _aSITE SURVEYS | ||
| 690 | _aBUILT ENVIRONMENT-BUILDING INSPECTION | ||
| 700 | _aWaite, N.J. | ||
| 942 | _n0 | ||
| 948 | _c04/03/1997 | ||
| 999 |
_c38861 _d38861 |
||